000 00324 a2200121 4500
001 ART_6644
005 20260410161826.0
008 260409a
245 1 0 _aEl Riesgo Contable
100 1 _aCarboni, Sandra
700 1 _aPérez, Haydeé
773 0 _tFACES
_g- Año 11, Nº 23 (may./ago. 2005)
_wREV5046
999 _c22795
_d22795